<?xml version="1.0" encoding="UTF-8"?>
<record
    xmlns:xsi="http://www.w3.org/2001/XMLSchema-instance"
    xsi:schemaLocation="http://www.loc.gov/MARC21/slim http://www.loc.gov/standards/marcxml/schema/MARC21slim.xsd"
    xmlns="http://www.loc.gov/MARC21/slim">

  <leader>00822nam a2200205Ia 4500</leader>
  <controlfield tag="001">4180</controlfield>
  <controlfield tag="003">GE_BSU</controlfield>
  <controlfield tag="008">181216s||||||||xx |||||||||||||| ||und||</controlfield>
  <datafield tag="040" ind1=" " ind2=" ">
    <subfield code="c">GE_BSU</subfield>
  </datafield>
  <datafield tag="080" ind1=" " ind2=" ">
    <subfield code="a">621.1(076)</subfield>
  </datafield>
  <datafield tag="245" ind1=" " ind2=" ">
    <subfield code="a">&#x411;&#x435;&#x437;&#x43E;&#x43F;&#x430;&#x441;&#x43D;&#x430;&#x44F; &#x44D;&#x43A;&#x441;&#x43F;&#x43B;&#x443;&#x430;&#x442;&#x430;&#x446;&#x438;&#x44F; &#x43F;&#x430;&#x440;&#x43E;&#x432;&#x44B;&#x445; &#x43A;&#x43E;&#x442;&#x43B;&#x43E;&#x432; &#x441;&#x43E;&#x441;&#x443;&#x434;&#x43E;&#x432; &#x438; &#x442;&#x440;&#x443;&#x431;&#x43E;&#x43F;&#x440;&#x43E;&#x432;&#x43E;&#x434;(&#x441;&#x431;&#x43E;&#x440;&#x43D;&#x438;&#x43A; &#x43E;&#x444;&#x438;&#x446;&#x438;&#x430;&#x43B;&#x44C;&#x43D;&#x44B;&#x445; &#x43C;&#x430;&#x442;&#x435;&#x440;&#x438;&#x430;&#x43B;&#x43E;&#x432;).</subfield>
  </datafield>
  <datafield tag="245" ind1=" " ind2=" ">
    <subfield code="c">&#x421;&#x43E;&#x441;&#x442;&#x430;&#x432;. &#x412;.&#x418;.&#x422;&#x440;&#x438;&#x448;&#x430;&#x43A;&#x438;&#x43D;, &#x412;.&#x418;.&#x427;&#x435;&#x440;&#x43C;&#x435;&#x433;&#x430;. &#x420;&#x435;&#x434;. &#x41D;.&#x41C;.&#x41A;&#x43E;&#x440;&#x43D;&#x438;&#x43B;&#x43E;&#x432;&#x430;, &#x41B;.&#x418;. &#x41D;&#x43E;&#x441;&#x43E;&#x432;&#x430;.</subfield>
  </datafield>
  <datafield tag="250" ind1=" " ind2=" ">
    <subfield code="a">&#x438;&#x437;&#x434;. 2-&#x435;, &#x434;&#x43E;&#x43F;.</subfield>
  </datafield>
  <datafield tag="260" ind1=" " ind2=" ">
    <subfield code="a">&#x41A;&#x438;&#x435;&#x432;.</subfield>
  </datafield>
  <datafield tag="260" ind1=" " ind2=" ">
    <subfield code="b">&#x422;&#x435;&#x445;&#x43D;&#x438;&#x43A;&#x430;.</subfield>
  </datafield>
  <datafield tag="260" ind1=" " ind2=" ">
    <subfield code="c">1978.</subfield>
  </datafield>
  <datafield tag="300" ind1=" " ind2=" ">
    <subfield code="a">438&#x441;&#x442;&#x440;. 22 &#x441;&#x43C;.</subfield>
  </datafield>
  <datafield tag="653" ind1=" " ind2=" ">
    <subfield code="a">&#x411;&#x435;&#x437;&#x43E;&#x43F;&#x430;&#x441;&#x43D;&#x430;&#x44F; &#x44D;&#x43A;&#x441;&#x43F;&#x43B;&#x443;&#x430;&#x442;&#x430;&#x446;&#x438;&#x44F; &#x43F;&#x430;&#x440;&#x43E;&#x432;&#x44B;&#x445; &#x43A;&#x43E;&#x442;&#x43B;&#x43E;&#x432; &#x441;&#x43E;&#x441;&#x443;&#x434;&#x43E;&#x432; &#x438; &#x442;&#x440;&#x443;&#x431;&#x43E;&#x43F;&#x440;&#x43E;&#x432;&#x43E;&#x434;.</subfield>
  </datafield>
  <datafield tag="942" ind1=" " ind2=" ">
    <subfield code="c">BK</subfield>
  </datafield>
  <datafield tag="999" ind1=" " ind2=" ">
    <subfield code="c">38190</subfield>
    <subfield code="d">38190</subfield>
  </datafield>
  <datafield tag="952" ind1=" " ind2=" ">
    <subfield code="0">0</subfield>
    <subfield code="1">0</subfield>
    <subfield code="4">0</subfield>
    <subfield code="7">0</subfield>
    <subfield code="9">38983</subfield>
    <subfield code="d">2018-12-17</subfield>
    <subfield code="p">9386</subfield>
    <subfield code="r">2018-12-17</subfield>
    <subfield code="w">2018-12-17</subfield>
    <subfield code="y">BK</subfield>
    <subfield code="z">&#x10E1;&#x10D0;&#x10EA;&#x10D0;&#x10D5;&#x10D8;</subfield>
  </datafield>
</record>
